| 000 | 01052nam a2200265 i 4500 | ||
|---|---|---|---|
| 001 | 164526 | ||
| 003 | ES-MaACL | ||
| 005 | 20250821111659.0 | ||
| 008 | 940615m18441847sp |||| | spa d | ||
| 100 | 1 |
_aSan Miguel, Evaristo, _d1785-1862 _9132380 |
|
| 245 | 1 | 0 |
_aHistoria de Felipe II, rey de España / _cpor Evaristo San Miguel. |
| 260 |
_aMadrid : _bImprenta y Librería de D. Ignacio Boix, Editor ..., _c1844-1847. |
||
| 300 |
_a4 v. : _bretratos ; _c22 cm. |
||
| 500 | _aÍndice en v. 4. | ||
| 530 | _aDisponible en formato digital. | ||
| 596 | _aMarca tip. en port. de v. 1. | ||
| 597 | _aAntep. | ||
| 597 | _aT.I (X, 366 p.) - T.II (394, [6] p.) - T.III (390 p.) - T.IV (398 p.) | ||
| 599 | _aRetrato dibujado por Eugenio Zarza. | ||
| 600 | 0 | 4 |
_aFelipe _bII, _cRey de España _949175 |
| 651 | 4 |
_aEspaña- _xHistoria- _y1556-1598, Felipe II. _98218 |
|
| 852 |
_aES-MaACL _jC-383-86 _z- Enc. hol. |
||
| 856 |
_uhttp://bdh-rd.bne.es/viewer.vm?id=0000129689&page=1 _zBiblioteca Digital Hispánica |
||
| 999 |
_c164526 _d164526 |
||